| 000 | 01491nam a2200409Ii 4500 | ||
|---|---|---|---|
| 001 | DIGEAFIT0034 | ||
| 003 | NyNyDIG | ||
| 006 | m o d | ||
| 007 | cr ||||||||||| | ||
| 008 | 230914s2020 ck ob 000 0 spa d | ||
| 035 | _a(OCoLC)1398180932 | ||
| 040 |
_aDGITA _beng _erda _epn _cDGITA |
||
| 020 |
_a9789587206920 _qversión ePub |
||
| 020 | _z9789587206913 | ||
| 050 | 1 | 4 | _aHF5438.4 ebook |
| 100 | 1 |
_aSoto Jaramillo, Gabriel Jaime, _eauthor. |
|
| 245 | 1 | 0 |
_aGerencia de ventas / _cGabriel Jaime Soto Jaramillo [and 5 others]. |
| 250 | _aTercera edición. | ||
| 264 | 1 |
_aMedellín : _bEditorial EAFIT, _c[2020] |
|
| 300 | _a1 online resource. | ||
| 336 |
_atext _btxt _2rdacontent |
||
| 337 |
_acomputer _bc _2rdamedia |
||
| 338 |
_aonline resource _bcr _2rdacarrier |
||
| 347 |
_atext file _2rdaft |
||
| 347 | _bEPUB | ||
| 504 | _aIncludes bibliographical references. | ||
| 588 | 0 | _aOnline resource; title from ePub title page (Digitalia, viewed September 14, 2023) | |
| 650 | 0 | _aSales management. | |
| 650 | 0 | _aSales personnel. | |
| 650 | 0 | _aMarketing. | |
| 791 | 2 |
_aDigitalia (Firm), _edistributor. |
|
| 793 | 0 |
_gDigitalia eBook Collection: _aEditorial EAFIT |
|
| 776 | 0 | 8 |
_iPrint version: _aSoto Jaramillo, Gabriel Jaime. _tGerencia de ventas. _bTercera edición. _dMedellín : Editorial EAFIT, [2020] _z9789587206913 |
| 856 | 4 | 0 |
_3Digitalia Hispánica _uhttps://www.digitaliapublishing.com/a/115669/ |
| 910 | _aPremium collection: 2023 | ||
| 942 | _cRAA | ||
| 999 |
_c274665 _d274665 |
||